<?xml version="1.0" encoding="UTF-8"?><?xml-stylesheet type="text/xsl" href="static/style.xsl"?><OAI-PMH xmlns="http://www.openarchives.org/OAI/2.0/" xmlns:xsi="http://www.w3.org/2001/XMLSchema-instance" xsi:schemaLocation="http://www.openarchives.org/OAI/2.0/ http://www.openarchives.org/OAI/2.0/OAI-PMH.xsd"><responseDate>2026-06-05T14:21:02Z</responseDate><request verb="GetRecord" identifier="oai:riuma.uma.es:10630/29798" metadataPrefix="marc">https://riuma.uma.es/rest/oai/request</request><GetRecord><record><header><identifier>oai:riuma.uma.es:10630/29798</identifier><datestamp>2026-03-12T10:00:30Z</datestamp><setSpec>com_10630_2254</setSpec><setSpec>col_10630_37956</setSpec></header><metadata><record xmlns="http://www.loc.gov/MARC21/slim" xmlns:dcterms="http://purl.org/dc/terms/" xmlns:doc="http://www.lyncode.com/xoai" xmlns:xsi="http://www.w3.org/2001/XMLSchema-instance" xsi:schemaLocation="http://www.loc.gov/MARC21/slim http://www.loc.gov/standards/marcxml/schema/MARC21slim.xsd">
   <leader>00925njm 22002777a 4500</leader>
   <datafield ind2=" " ind1=" " tag="042">
      <subfield code="a">dc</subfield>
   </datafield>
   <datafield ind2=" " ind1=" " tag="720">
      <subfield code="a">Santos, Mário Alberto Lages Fortes Silva</subfield>
      <subfield code="e">author</subfield>
   </datafield>
   <datafield ind2=" " ind1=" " tag="720">
      <subfield code="a">Carrasco-Santos, María Jesús</subfield>
      <subfield code="e">author</subfield>
   </datafield>
   <datafield ind2=" " ind1=" " tag="720">
      <subfield code="a">Pestana da Silva, Carla Patricia</subfield>
      <subfield code="e">author</subfield>
   </datafield>
   <datafield ind2=" " ind1=" " tag="720">
      <subfield code="a">Lousada, Sergio Neves</subfield>
      <subfield code="e">author</subfield>
   </datafield>
   <datafield ind2=" " ind1=" " tag="260">
      <subfield code="c">2020</subfield>
   </datafield>
   <datafield ind2=" " ind1=" " tag="520">
      <subfield code="a">The autonomous region of Madeira is an exceptional tourist destination for the practice of&#xd;
incentive tourism and business, although it is not currently exploited. The development of&#xd;
this segment is proposed through the Outdoor Training methodology focused on business&#xd;
executives from some of the regions of Macarronesia (Azores and Madeira). The key points of&#xd;
social and emotional competences are studied, networking and business synergies are&#xd;
created between them, which has as a consequence that they become promoters of the&#xd;
Madeira brand as a destination for the incentive tourism segment.</subfield>
   </datafield>
   <datafield ind1="8" ind2=" " tag="024">
      <subfield code="a">Santos, M., Carrasco-Santos, M. J., Almeida, A. M., &amp; Rodrigues, N. M. (2018). Estudio de la oferta de productos turísticos de Madeira. Análisis de la importancia del segmento de turismo de incentivos–negocios. In Planeamiento sectorial: recursos hídricos, espacio rural y fronteras (pp. 313-329). Thomson Reuters Aranzadi.</subfield>
   </datafield>
   <datafield ind1="8" ind2=" " tag="024">
      <subfield code="a">978-84-1346-697-2</subfield>
   </datafield>
   <datafield ind1="8" ind2=" " tag="024">
      <subfield code="a">https://hdl.handle.net/10630/29798</subfield>
   </datafield>
   <datafield tag="653" ind2=" " ind1=" ">
      <subfield code="a">Turismo</subfield>
   </datafield>
   <datafield ind2="0" ind1="0" tag="245">
      <subfield code="a">Innovación de producto turístico en Madeira mediante metodología de Outdoor Training. Caso DEMA</subfield>
   </datafield>
</record>
</metadata></record></GetRecord></OAI-PMH>